00373nam a2200121 a 4500008004100000050001500041100002000056245003300076260004100109300002000150650003300170710004800203121123s1957 ||||||||||||||||| || u aJX 1981FRY aFrye, William R12aA United Nations peace force aNew York:bOceana Publicationsc1957 axii.299p.: ill. aUNITED NATIONS--ARMED FORCES aCarnergie Endowment for International Peace